| 000 | 00581nam a2200181Ia 4500 | ||
|---|---|---|---|
| 003 | GCL | ||
| 008 | 140319s9999 xx 000 0 ara d | ||
| 040 |
_aGCL / _cGCL |
||
| 082 | 0 | 4 |
_a502 _bس ع |
| 100 | 1 | _aسمير حنا صادق | |
| 245 | 1 | 0 |
_aعبق العلم كتابات عن العلم والوطن / _cسمير حنا صادق |
| 260 |
_aالقاهرة : _bالمجلس الاعلى للثقافة ، _c1998 |
||
| 300 |
_a206 ص ؛ _c24 سم |
||
| 650 | 0 | 4 | _aالتكنولوجيا |
| 650 | 0 | 4 | _aالعلوم |
| 650 | 0 | 4 | _aالنشؤ والارتقاء |
| 942 |
_2ddc _cBK |
||
| 999 |
_c573 _d573 |
||